000 00820nam a22002297a 4500
005 20241113135413.0
008 240118b ||||| |||| 00| 0 eng d
020 _a9789719647720
082 _aDFil 362.293 B182 2022
100 _aBalares, Marilyn B. Fetalvo.
_950657
245 _aTherapeutic modalities /
_cMarilyn B. Fetalvo-Balares and three others.
250 _aFirst edition.
260 _aQuezon City :
_bChapterhouse publishing incorporated,
_c©2022.
300 _a162 pages :
_billustrations ;
_c22 cm.
500 _aIncludes bibliography.
650 _aTherapeutic communities. .
_945746
650 _aTherapeutics.
_950739
700 _aChavez, Carmelita, Beit.
_eauthor.
_950731
700 _aPecson, Rowela Cartin.
_eauthor.
_950732
700 _aTamayo, Ruby L.
_eauthor.
_950733
942 _2ddc
_cDFIL
999 _c18697
_d18697